书目信息 |
| 题名: |
想象的房子
|
|
| 作者: | 李劲松 著 | |
| 分册: | ||
| 出版信息: | 天津 天津大学出版社 2008.05 |
|
| 页数: | 192页 | |
| 开本: | ||
| 丛书名: | ||
| 单 册: | ||
| 中图分类: | TU2 , TU-0 | |
| 科图分类: | ||
| 主题词: | 建筑设计 , 建筑学 | |
| 电子资源: | ||
| ISBN: | 978-7-5618-2680-5 | |
| 000 | 00794nam0 2200241 450 | |
| 001 | 0011028113 | |
| 005 | 20100723151033.93 | |
| 010 | @a978-7-5618-2680-5@dCNY49.00 | |
| 100 | @a20100515d2008 em y0chiy0110 ea | |
| 101 | 0 | @achi |
| 102 | @aCN@b120000 | |
| 105 | @ay z 000yy | |
| 200 | 1 | @a想象的房子@Axiang xiang de fang zi@e从建筑设计到建筑理论@f李劲松著 |
| 210 | @a天津@c天津大学出版社@d2008.05 | |
| 215 | @a192页 | |
| 330 | @a本书分为抽象化的状态、人与自然共鸣、家的故事、家具与空间、建筑理论六部分,内容包括门的思考、民间艺术陈列馆、西安建筑科技大学西校门区空间规划设计、韶山门与书法、阳台门与玻璃廊门等。 | |
| 606 | 0 | @a建筑设计 |
| 606 | 0 | @a建筑学 |
| 690 | @aTU2@v4 | |
| 690 | @aTU-0@v4 | |
| 701 | 0 | @a李劲松@Ali jin song@4著 |
| 801 | 0 | @aCN@c20100515 |
| 905 | @dTU2@eL180@f5 | |
| 想象的房子:从建筑设计到建筑理论/李劲松著.-天津:天津大学出版社,2008.05 |
| 192页 |
| ISBN 978-7-5618-2680-5:CNY49.00 |
| 本书分为抽象化的状态、人与自然共鸣、家的故事、家具与空间、建筑理论六部分,内容包括门的思考、民间艺术陈列馆、西安建筑科技大学西校门区空间规划设计、韶山门与书法、阳台门与玻璃廊门等。 |
| ● |
| 相关链接 |
|
|
|
正题名:想象的房子
索取号:TU2/L180
 
预约/预借
| 序号 | 登录号 | 条形码 | 馆藏地/架位号 | 状态 | 备注 |
| 1 | 993858 | 209938585 | 建筑库101/101建筑库 30排2列4层/ [索取号:TU2/L180] | 在馆 | |
| 2 | 993859 | 209938594 | 建筑库101/101建筑库 30排2列4层/ [索取号:TU2/L180] | 在馆 | |
| 3 | 993860 | 209938601 | 建筑库101/101建筑库 30排2列4层/ [索取号:TU2/L180] | 在馆 | |
| 4 | 993861 | 209938610 | 建筑库101/101建筑库 30排2列4层/ [索取号:TU2/L180] | 在馆 | |
| 5 | 993862 | 209938629 | 建筑库101/101建筑库 30排2列4层/ [索取号:TU2/L180] | 在馆 |